| 000 | 00464nam a22001697a 4500 | ||
|---|---|---|---|
| 005 | 20160521095951.0 | ||
| 008 | 160521b xxu||||| |||| 00| 0 eng d | ||
| 020 | _a81-259-1362-9 | ||
| 041 | _aeng | ||
| 082 | _b3665 | ||
| 100 |
_aN.ch s.N. Iyengar Um Chandrase karar K.A. Unkatesh _9916 |
||
| 245 | _aDiscret Mathemattics | ||
| 260 |
_aNew Delhi _bVikas Publishing House (P) Ltd. _c2004 |
||
| 300 | _a375 | ||
| 650 |
_aInformation Technology _9137 |
||
| 942 | _cBK | ||
| 999 |
_c1254 _d1254 |
||